A check list of fishes of Vietnam

Đã lưu trong:
书目详细资料
主要作者: K Kuronuma
格式: 图书
语言:Undetermined
出版: United States Consulatants 1961
主题:
标签: 添加标签
没有标签, 成为第一个标记此记录!
Thư viện lưu trữ: Trung tâm Học liệu Trường Đại học Cần Thơ
LEADER 00441nam a2200157Ia 4500
001 CTU_9281
008 210402s9999 xx 000 0 und d
082 |a 597 
082 |b K97 
100 |a K Kuronuma 
245 2 |a A check list of fishes of Vietnam 
245 0 |c K Kuronuma 
260 |b United States Consulatants 
260 |c 1961 
650 |a fishes - nomenclature,ichthyology 
980 |a Trung tâm Học liệu Trường Đại học Cần Thơ